Ćwierćfinaliści Igrzysk Olimpijskich 2024 - mężczyźni - Statystyki

Ogólne statystyki
  • Ten quiz został rozwiązany 188 razy
  • Średni wynik to 7 z 8
Statystyki odpowiedzi
Ćwierćfinaliści % Poprawnych
Polska
100%
Francja
98%
USA
95%
Włochy
95%
Brazylia
91%
Japonia
90%
Niemcy
82%
Słowenia
82%
Nie znaleziono quizów pasujących do podanych kryteriów
Rozkład punktacji
Procent ludzi z każdym wynikiem
Percentyl według liczby udzielonych odpowiedzi
Twoja historia wyników
Nie rozwiązałeś tego quizu